000
00323nam a22001457a 4500
020
_a
81-7130-085-5
082
_a
894.812.3
_b
VAR/O
100
_a
VARKEY,MUTTATHU
245
_a
ORU KUDAYUM KUNJUPENGALUM
250
_a
FIRST
260
_a
KOTTAYAM
_b
MAMBAZHAM
_c
1961
300
_a
128
650
_a
STORY
_z
KERALA
942
_c
BK
999
_c
1541
_d
1541